|
|
|
|
| LEADER |
01230nam a2200265 i 4500 |
| 003 |
GR-PaULI |
| 005 |
20241220094617.0 |
| 008 |
191001s2005 gr a|||g |||| 00| 0 gre d |
| 952 |
|
|
|0 0
|1 0
|2 ddc
|4 0
|6 730_949000000000000_5_ΧΑΛ_ΣΑΜ
|7 0
|9 235705
|a THST
|b THST
|d 2019-10-01
|i 007440
|l 1
|m 1
|o 730.949 5 ΧΑΛ ΣΑΜ
|p 025000264401
|r 2022-12-29 00:00:00
|s 2022-11-14
|t 1
|v 2019.00
|w 2019-10-01
|y BK15
|
| 999 |
|
|
|c 142788
|d 142788
|
| 020 |
|
|
|a 9600511675
|
| 040 |
|
|
|a GR-PaULI
|b gre
|c GR-PaULI
|e AACR2
|
| 082 |
0 |
4 |
|2 23
|a 730.949 5
|
| 100 |
1 |
|
|9 178123
|a Σαμουηλίδης, Χρήστος.
|e συγγραφέας
|
| 245 |
1 |
0 |
|a Γιαννούλης Χαλεπάς :
|b η τραγική ζωή του μεγάλου καλλιτέχνη /
|c Χρήστος Σαμουηλίδης.
|
| 250 |
|
|
|a 2η έκδοση
|
| 260 |
|
|
|a Αθήνα :
|b Εστία,
|c 2005.
|
| 300 |
|
|
|a 636 σ. :
|b εικ. ;
|c 25 εκ.
|
| 504 |
|
|
|6 Περιλαμβάνει βιβλιογραφία.
|
| 600 |
1 |
0 |
|a Χαλεπάς, Γιαννούλης,
|d 1851-1938
|9 25796
|
| 650 |
|
4 |
|9 51594
|a Γλύπτες
|z Ελλάδα
|
| 650 |
|
4 |
|a Γλυπτική, Ελληνική
|z
|9 6368
|
| 830 |
|
0 |
|a Μαρτυρίες (Εστία)
|9 160479
|
| 942 |
|
|
|2 ddc
|c BK15
|
| 998 |
|
|
|c ΜΑΝΙΑ
|d 2019-10
|